000 00555nam a2200193Ia 4500
005 20250326140850.0
008 250326s9999 xx 000 0 und d
020 _a0-8442-3237-8
037 _aTextbook
040 _aFMSL
_beng
_cFMSL
041 _aeng
_2eng
084 _aX:51 N7
_qFMSL
100 _aMarconi J
_9741835
245 0 _aCrisis marketing: When bad things happen to good companies
_cMarconi J
260 _aChicago
_bChicago, NTC business books
_c1997
300 _a246p
942 _cTB
_hX:51 N7
999 _c1287642
_d1287642